| 000 | 00710nam a2200241 4500 | ||
|---|---|---|---|
| 999 |
_c5113 _d5113 |
||
| 001 | 329490 | ||
| 003 | GBCCL | ||
| 005 | 20241126110533.0 | ||
| 008 | 701008s1970 nyua b 001 0 eng | ||
| 010 | _a 75102898 | ||
| 040 |
_aDLC _cDLC _dDLC |
||
| 050 | 0 | 0 |
_aRC460 _b.M45 1970 |
| 082 | 0 | 0 |
_a616.89 _bMEZ |
| 100 | 1 |
_aMezer, Robert R. _99226 |
|
| 245 | 1 | 0 |
_aDynamic psychiatry in simple terms, _cby Robert R. Mezer. Foreword by Harry C. Solomon. |
| 250 | _a4th ed. | ||
| 260 |
_aNew York, _bSpringer Pub. Co. _c[1970] |
||
| 300 |
_axi, 179 p. _billus. _c21 cm. |
||
| 504 | _aIncludes bibliographies. | ||
| 650 | 0 |
_aPsychiatry. _99227 |
|
| 906 |
_a7 _bcbc _corignew _d4 _encip _f19 _gy-gencatlg |
||
| 942 |
_2ddc _cBK |
||